000 00937nam a22002537a 4500
999 _c5181
_d5181
003 AR-CdUCM
008 190312b ||||| |||| 00| 0 spa d
040 _aMUNICIPALIDAD PROVINCIAL DEL CUSCO
_cBIBLIOTECA MUNICIPAL DEL CUSCO
082 _a108 /
_bS74
_23ed.
100 _aSpencer, Herbert
_99994
245 _aEl hombre contra el estado /
_cSpencer
246 _aThe man versus the state
260 _aBuenos Aires :
_bAguilar,
_c1963.
300 _a195 páginas ;
_c15 cm.
440 _aBiblioteca de iniciación filosófica.
_n5
_915725
505 _acontenido: El nuevo conservadurismo -- La esclavitud futura -- Los pecados de los legisladores -- La gran superstición política.
650 _aFilosofía
_9395
650 _aEstado
_9738
650 _aLegislación política
_915726
650 _aConservadurismo
_911968
700 _aRodrìguez Aranda, Luis (traductor)
_915727
942 _2ddc
_cLIBROS
945 _aJavier